000 00828nab a2200253 u 4500
001 20996
003 HDC
007 cr bn ---aaaaa
008 210307b2015mmddmy d||ne||||| 00| 0 may d
040 _aHDC
100 _aNur Hanani Azman
_97735
245 0 _aPNS komited perbanyak padanan perniagaan
_c/ Nur Hanani Azman
260 _aMalaysia:
_bMedia Mulia,
_c2015
300 _a1 online resource (page 18)
336 _atext
_2rdacontent
337 _acomputer
_2rdamedia
338 _aonline resource
_2rdacarrier
650 _aBusiness
_xFinance
_918741
710 _aUtusan Malaysia
856 _zRequest full-text at [email protected]
942 _2lcc
942 _cNEWS
942 _kNWSC 002668
999 _c18312
_d18312